| 000 | 00723nam a22002297a 4500 | ||
|---|---|---|---|
| 005 | 20170124105920.0 | ||
| 010 | _aA-409658 | ||
| 020 | _c00.00 | ||
| 035 | _aA-409658 | ||
| 037 | _bCen Lib/Ret | ||
| 040 |
_aDPL _bEN |
||
| 082 |
_a382 _bDES |
||
| 100 |
_aDesai, S. S. M. _913738 |
||
| 245 |
_aInternational economics : _cby S. S. M. Desai _binternational economic relations / |
||
| 260 |
_aMumbai _bHimalaya Publishing House _c1990 |
||
| 270 |
_bMumbai _a"Ramdoot" Dr. Bhalerao Marg, Girgaon _e400004 |
||
| 300 |
_a335p. _c21cm(Hb) |
||
| 500 | _aIncludes bibliographical references and index | ||
| 650 |
_aEconomics _986483 |
||
| 650 |
_aInternational trade _94053 |
||
| 942 |
_2ddc _cEN _h382 _mDES |
||
| 999 |
_c123084 _d123084 |
||